讀心之書
| 資料類型: | 圖書 | 書目號: | 35179 |
Leader xxxxxxxxxx 001 __ PCLIS00035179 005 __ 20220611162638.0 010 0_ |a957-522-493-0|b平裝|dNT$250 100 __ |a20040826d2004 m y0chiy09 e 101 0_ |achi 102 __ |atw 105 __ |ay z 000cy 200 1_ |a讀心之書|f平路著 205 __ |a初版 210 __ |a臺北市|c聯合文學|d2004[民93] 215 0_ |a225面|d21公分 225 1_ |a聯合文叢|v303 225 1_ |a聯合文學|v339 260 1_ |a2004 300 __ |a作者本名路平 681 __ |a855|b855 681 __ |a855.|b8550 93 700 _0 |a平路|f1953- |4著 801 _0 |atw|b輔仁大學|c20041028|gCCR 801 _1 |atw|b內湖高中|c20050216|gCCR 801 _2 |atw|b內湖高中|c20220611|gCCR |